Diálogo con los jóvenes desde la fe : 22 catequesis
| Autor principal: | |
|---|---|
| Formato: | Libro |
| Lenguaje: | español |
| Publicado: |
Bogotá, Colombia :
INDO-AMERICAN PRESS SERVICE,
1985
|
| Materias: |
MARC
| LEADER | 00000nam a2200000Ia 4500 | ||
|---|---|---|---|
| 008 | 170320b1985 ck ||||| |||| 00| | spa d | ||
| 999 | |c 1157 |d 1157 | ||
| 090 | |a 268.6 |b L847d | ||
| 100 | 1 | |a Londoño, Alejandro |9 2586 | |
| 245 | 1 | 0 | |a Diálogo con los jóvenes desde la fe : 22 catequesis |
| 260 | |a Bogotá, Colombia : |b INDO-AMERICAN PRESS SERVICE, |c 1985 | ||
| 300 | |a 103 páginas | ||
| 650 | 1 | 4 | |a JOVEN |9 2453 |
| 650 | 1 | 4 | |a RELIGIÓN |9 814 |
| 650 | 1 | 4 | |a COMUNICACIÓN |9 150 |
| 942 | |i 366420 |h 268.6 L847d |2 z |c 01 | ||
